MARC

LEADER 00000nam0a2200000 4500
001 8046
005 20231030181639.0
010 |a 506002590X 
035 |a (RuTPU)RU\TPU\book\8092 
035 |a BOOK00008151 
090 |a 8046 
100 |a 20011209d1998 m y0rusy50 ca 
101 0 |a rus 
102 |a RU 
105 |a a j 000zy 
200 1 |a Экология и охрана биосферы при химическом загрязнении  |e учебное пособие  |f И. Н. Лозановская, Д. С. Орлов, Л. К. Садовникова 
210 |a Москва  |c Высшая школа  |d 1998 
215 |a 287 с.  |c ил. 
451 1 |0 (RuTPU)RU\TPU\book\49362  |y 5-06-004099-2  |t Экология и охрана биосферы при химическом загрязнении  |o Учебное пособие  |f Д. С. Орлов, Л. К. Садовникова, И. Н. Лозановская  |e 2-е изд., перераб. и доп.  |c М.  |n Высшая школа  |d 2002  |p 334 с.  |a Орлов, Дмитрий Сергеевич 
610 1 |a общая экология 
610 1 |a биосфера 
610 1 |a химические загрязнения 
610 1 |a учебные пособия 
610 1 |a окружающая среда 
610 1 |a охрана 
675 |a 504.05(075.8)  |v 3 
700 1 |a Лозановская  |b И. Н.  |g Ирина Николаевна 
701 1 |a Орлов  |b Д. С.  |g Дмитрий Сергеевич 
701 1 |a Садовникова  |b Л. К.  |g Людмила Константиновна 
801 0 |a RU  |b 63413507  |c 20011209  |g PSBO 
801 2 |a RU  |b 63413507  |c 20170302  |g PSBO 
900 |a Основы охраны окружающей среды 
900 |a Геоэкология 
942 |c BK